As cores do arco-íris (Registo nº 4578)

Detalhes MARC
000 -Etiqueta do registo
Cabeçalho 00825nam0a2200265 4500
005 - Identificador da versão
Campo de controlo 20240813122105.0
010 ## - Número internacional normalizado dos livros (ISBN)
Número (ISBN) 9722414402
021 ## - Número do Depósito Legal
Código do país PT
Número 236271/05
100 ## - Dados gerais de processamento
Dados gerais de processamento 20170209d2006 m y0pory5003 ba
102 ## - Pais de publicação ou produção
País de publicação Portugal
101 1# - Língua de publicação
Língua do texto, banda sonora, etc. Português
Língua do documento no original Inglês
215 ## - Descrição física 
Indicação específica da natureza do documento e extensão da espécie 31, [1] p.
Outras indicações físicas il. color
200 1# - Titulo e menção de responsabilidade
Título próprio As cores do arco-íris
Primeira menção de responsabilidade Jennifer Moore-Mallinos
Outras menções de responsabilidade il. Marta Fàbrega
-- trad. Manuela Pessoa
225 1# - Colecção 
Título próprio da colecção Vamos conversar
210 ## - Publicação, Distribuição, etc. 
Lugar da edição, distribuição, etc. Lisboa
Nome do editor, distribuidor, etc. Livros Horizonte
Data da publicação, distribuição, etc. 2006
606 ## - Nome comum usado como assunto
Número de registo de entrada de autoridade 0001690
Palavra de ordem Literatura canadiana em língua inglesa
Subdivisão de assunto Conto
Código do sistema CA
675 ## - Classificação Decimal Universal (CDU)
Notação 821.111(71)-34
Edição 3ª ed.
Língua da edição por
702 #1 - Nome de autor-pessoa física (responsabilidade secundária)
Número de registo de entrada de autoridade 0001689
Palavra de ordem Fábrega
Outra parte do nome não tomada para palavra de ordem Marta
Código de função Ilustrador / Técnico de desenho computorizado
Número de registo de entrada de autoridade 0000845
Palavra de ordem Pessoa
Outra parte do nome não tomada para palavra de ordem Manuela
Código de função Tradutor
700 #1 - Nome de autor-pessoa física (responsabilidade principal)
Número de registo de entrada de autoridade 0001688
Palavra de ordem Moore-Mallinos
Outra parte do nome não tomada para palavra de ordem Jennifer
966 ## - Identificação da Biblioteca
Sigla EBVEN
942 ## - Elementos de entrada adicionados (Koha)
Tipo de item no Koha Livro
Exemplares
Situação do levantamento Origin of item (home branch) (coded) Biblioteca de empréstimo Código de barras Cota Circulation type (not for loan) Tipo de documento Nota do exemplar Damaged status
  Biblioteca Escolar das Vendas Biblioteca Escolar das Vendas BEV1513 8EST MOO   Livro Sem mensagem